Normal view
MARC view
- History
Entry Topical Term
001 - CONTROL NUMBER
- control field: 6316
003 - CONTROL NUMBER IDENTIFIER
- control field: OSt
005 - DATE AND TIME OF LATEST TRANSACTION
- control field: 20241007151532.0
008 - FIXED-LENGTH DATA ELEMENTS
- fixed length control field: 241007|| aca||aabn | a|a d
040 ## - CATALOGING SOURCE
- Original cataloging agency: OSt
- Transcribing agency: OSt
150 ## - HEADING--TOPICAL TERM
- Topical term or geographic name as entry element: History
670 ## - SOURCE DATA FOUND
- Source citation: Work cat.: (OSt)18136: More, J B P 6315, Keralathile muslingal /, 2021.
